000 00296nam a22001337a 4500
008 170620b xxu||||| |||| 00| 0 eng d
020 _a9780075577348
041 _aeng
080 _22ND
_a32
100 _a20
101 _aSHP
245 _aA RHETORIC ARGUMENT
_cFAHNESTOCK, J
942 _2udc
_cBK
999 _c18306
_d18306